Statistics for Dominican Republic First Level Subdivisions

Click here to take the quiz!

General Stats

  • This quiz has been taken 188 times
  • The average score is 14 of 32

Answer Stats

Provincias% Correct
Santo Domingo
96%
Santiago
64%
Puerto Plata
60%
La Romana
51%
San Juan
51%
La Vega
47%
Monte Cristi
47%
National District
47%
San Pedro de Macorís
47%
Azua
45%
La Altagracia
45%
Pedernales
45%
Monte Plata
43%
San Cristóbal
43%
Santiago Rodríguez
43%
Dajabón
42%
Elías Piña
42%
Independencia
42%
Samaná
42%
Barahona
40%
Duarte
40%
El Seibo
40%
Espaillat
38%
Peravia
38%
San José de Ocoa
38%
Valverde
38%
Hato Mayor
36%
Sánchez Ramírez
36%
Hermanas Mirabal
34%
María Trinidad Sánchez
32%
Monseñor Nouel
32%
Baoruco
30%

Score Distribution

Percentile by Number Answered

Percent of People with Each Score

Your Score History

You have not taken this quiz